| 000 | 00603nam a22001937a 4500 | ||
|---|---|---|---|
| 005 | 20211028083725.0 | ||
| 008 | 130821s1947 ck gr spa | ||
| 040 |
_aCo-BoUCM _bspa _c[Nuevo] _d[Nuevo] |
||
| 041 | 0 | 0 | _aspa |
| 100 |
_aCaro, Rodrigo _9103663 |
||
| 245 | 0 | 3 |
_aLa canción a las ruinas de Itálica _cRodrigo Caro |
| 260 |
_aBogotá (Colombia) _bVoluntad _c1947 |
||
| 300 | _a240 páginas | ||
| 650 | 0 | 4 |
_aArqueología _998 |
| 650 | 0 | 4 |
_aArqueología _zItalia _998 |
| 651 |
_aItalia _926640 |
||
| 942 |
_cLIBRO _a27 _e1 _mC17C _n0 _2DEWEY _h930.145 |
||
| 999 |
_c87288 _d87288 |
||